Star Wars Venn Diagram - Statistics

General Stats
  • This quiz has been taken 12,897 times
  • The average score is 5 of 8
Answers on the Map
Answers color-coded by a green-red scale on the quiz's map according to % correct below.
 
Answer Stats
Answer % Correct
Obi-Wan Kenobi
78%
Han Solo
69%
Jango Fett
67%
Yoda
66%
Ki-Adi-Mundi
64%
Lando Calrissian
64%
Poe Dameron
62%
Kit Fisto
60%
No matching quizzes found
Score Distribution
Percent of People with Each Score
Percentile by Number Answered
Your Score History
You have not taken this quiz